[Event "HUN-ch U18"]
[Site "Budapest"]
[Date "2020.10.30"]
[Round "9"]
[White "Forgacs, Andras"]
[Black "Vodila, Martin Botond"]
[Result "0-1"]
[WhiteElo "1880"]
[BlackElo "2224"]
[PlyCount "64"]
[EventDate "2020.10.24"]
[EventType "tourn"]
[EventRounds "9"]
[EventCountry "HUN"]
[SourceTitle "CBM 199 Extra"]
[Source "ChessBase"]
[SourceDate "2021.01.31"]
[SourceVersion "1"]
[SourceVersionDate "2021.01.31"]
[SourceQuality "1"]

1. c4 e5 2. Nc3 Nc6 3. d3 Nge7 4. g3 h6 5. Bg2 g6 6. Bd2 Bg7 7. Qc1 d6 8. Nf3 Be6 9. 0-0 Qd7 10. e4 g5 11. Ne1 Nd4 12. f4 gxf4 13. gxf4 exf4 14. Bxf4 0-0-0 15. Qe3 Nec6 16. Kh1 f5 17. Ne2 Rde8 18. Nxd4 Bxd4 19. Qd2 fxe4 20. Bxe4 d5 21. cxd5 Bxd5 22. Qg2 Rhg8 23. Bg3 Bxe4 24. dxe4 h5 25. Rf4 Be5 26. Rh4 Bxg3 27. hxg3 Qd6 28. Rf4 h4 29. Qh3+ Kb8 30. Rxh4 Rxg3 31. Qh2 Reg8 32. Nc2 Qf6 0-1

[Event "HUN-chT2 Charousek 1819"]
[Site "Hungary"]
[Date "2019.03.10"]
[Round "9.12"]
[White "Forgacs, Andras"]
[Black "Kun, Balint"]
[Result "1/2-1/2"]
[WhiteElo "1791"]
[BlackElo "1835"]
[PlyCount "35"]
[EventDate "2018.09.23"]
[EventType "team-tourn"]
[EventRounds "11"]
[EventCountry "HUN"]
[SourceTitle "EXT 2021"]
[Source "ChessBase"]
[SourceDate "2020.10.23"]
[SourceVersion "1"]
[SourceVersionDate "2020.10.23"]
[SourceQuality "1"]
[WhiteTeam "Biatorbagy"]
[BlackTeam "Balatonfuered"]
[WhiteTeamCountry "HUN"]
[BlackTeamCountry "HUN"]

1. d4 d5 2. c4 dxc4 3. Nc3 Nc6 4. e3 a6 5. Bxc4 e6 6. Nf3 Nf6 7. 0-0 Be7 8. a3 0-0 9. Bd2 b5 10. Be2 Bb7 11. b4 Na7 12. Ne5 c6 13. Bf3 Qb6 14. Ne4 Rfd8 15. Nxf6+ Bxf6 16. Ng4 Be7 17. Qb3 Bd6 18. Bc3 1/2-1/2

[Event "HUN-chT2 Breyer 1718"]
[Site "Hungary"]
[Date "2017.12.17"]
[Round "6.11"]
[White "Forgacs, Andras"]
[Black "Rabi Nagy, Daniel"]
[Result "1/2-1/2"]
[WhiteElo "1697"]
[BlackElo "1385"]
[PlyCount "115"]
[EventDate "2017.09.24"]
[EventType "team-tourn"]
[EventRounds "11"]
[EventCountry "HUN"]
[SourceTitle "EXT 2021"]
[Source "ChessBase"]
[SourceDate "2020.10.23"]
[SourceVersion "1"]
[SourceVersionDate "2020.10.23"]
[SourceQuality "1"]
[WhiteTeam "Biatorbagy"]
[BlackTeam "Szekesfehervar"]
[WhiteTeamCountry "HUN"]
[BlackTeamCountry "HUN"]

1. d4 Nf6 2. c4 e6 3. Nc3 Bb4 4. Nf3 0-0 5. a3 Bxc3+ 6. bxc3 c5 7. Bg5 Qa5 8. Qd3 Ne4 9. Bd2 Nxd2 10. Nxd2 cxd4 11. cxd4 d5 12. e3 b6 13. cxd5 Qxd5 14. Qb5 Bb7 15. f3 Rd8 16. Bc4 Qxb5 17. Bxb5 a6 18. Bc4 b5 19. Rb1 Bc6 20. Be2 Nd7 21. Nb3 Rac8 22. Kd2 Bd5 23. Rhc1 Bxb3 24. Rxc8 Rxc8 25. Rxb3 Nb6 26. Rc3 Rxc3 27. Kxc3 Nd5+ 28. Kd2 Kf8 29. e4 Nf4 30. Bf1 Ke7 31. a4 bxa4 32. g3 Ng6 33. Bxa6 Kd6 34. Kc3 Ne7 35. Bb5 a3 36. Kb3 f5 37. Kxa3 fxe4 38. fxe4 e5 39. d5 Nxd5 40. exd5 Kxd5 41. Kb3 Ke4 42. Kc4 Kf3 43. Bc6+ Kg4 44. Bg2 h5 45. Kd5 h4 46. Kxe5 hxg3 47. h3+ Kg5 48. Ke4 Kh5 49. Kf4 Kh4 50. Kf3 g5 51. Bf1 Kh5 52. Kxg3 Kh6 53. Kg4 Kg6 54. Bd3+ Kh6 55. Be4 Kg7 56. Kf5 Kh8 57. Kxg5 Kg7 58. h4 1/2-1/2

[Event "Budapest-chT1 Lilienthal 1718"]
[Site "Budapest"]
[Date "2017.12.10"]
[Round "5"]
[White "Forgacs, Andras"]
[Black "Czagler, Laszlo"]
[Result "1/2-1/2"]
[WhiteElo "1697"]
[BlackElo "1498"]
[PlyCount "102"]
[EventDate "2017.10.01"]
[EventType "team-tourn"]
[EventRounds "13"]
[EventCountry "HUN"]
[SourceTitle "EXT 2021"]
[Source "ChessBase"]
[SourceDate "2020.10.23"]
[SourceVersion "1"]
[SourceVersionDate "2020.10.23"]
[SourceQuality "1"]
[WhiteTeam "Budapest MTK III"]
[BlackTeam "Csepel"]
[WhiteTeamCountry "HUN"]
[BlackTeamCountry "HUN"]

1. d4 Nf6 2. Nf3 g6 3. c4 Bg7 4. Nc3 d6 5. e4 0-0 6. Be2 e5 7. dxe5 dxe5 8. Bg5 Nbd7 9. Nd5 c6 10. Nxf6+ Bxf6 11. Be3 Qc7 12. 0-0 Rd8 13. Qc2 Nf8 14. Rfd1 Bg4 15. Ng5 Bxe2 16. Qxe2 h6 17. Nf3 Bg7 18. Rxd8 Rxd8 19. Rd1 Rxd1+ 20. Qxd1 a6 21. Qd2 Qd7 22. Qxd7 Nxd7 23. Kf1 Nf6 24. Nxe5 Nxe4 25. Nd3 Nd6 26. b3 b5 27. c5 Ne4 28. Nb4 Nc3 29. Nxa6 Nxa2 30. Nb8 Nb4 31. Bd2 Nd3 32. b4 Ne5 33. f4 Nc4 34. Be1 Kf8 35. Nxc6 Ke8 36. Na7 Na3 37. c6 Kd8 38. f5 Bd4 39. fxg6 fxg6 40. Bf2 Bxf2 41. Kxf2 Kc7 42. Kf3 Nc2 43. Nxb5+ Kxc6 44. Nc3 Nxb4 45. Ke4 Kd6 46. h4 Ke6 47. Ne2 Nc6 48. Nf4+ Kf6 49. g4 Ne7 50. h5 Kg5 51. hxg6 Nxg6 1/2-1/2

[Event "HUN-chT2 Breyer 1617"]
[Site "Hungary"]
[Date "2016.11.13"]
[Round "2.11"]
[White "Forgacs, Andras"]
[Black "Klimko, Matyas"]
[Result "1/2-1/2"]
[WhiteElo "1651"]
[BlackElo "1307"]
[PlyCount "21"]
[EventDate "2016.10.30"]
[EventType "team-tourn"]
[EventRounds "9"]
[EventCountry "HUN"]
[SourceTitle "EXT 2021"]
[Source "ChessBase"]
[SourceDate "2020.10.23"]
[SourceVersion "1"]
[SourceVersionDate "2020.10.23"]
[SourceQuality "1"]
[WhiteTeam "Biatorbagy"]
[BlackTeam "Budapest MLTC"]
[WhiteTeamCountry "HUN"]
[BlackTeamCountry "HUN"]

1. d4 d5 2. c4 e6 3. cxd5 exd5 4. Nc3 Nf6 5. Bg5 Be7 6. e3 0-0 7. Qb3 c6 8. Nf3 Nbd7 9. Bd3 Re8 10. 0-0 Nb6 11. Na4 1/2-1/2

[Event "HUN-chT U18"]
[Site "Hajduboszormeny"]
[Date "2016.11.06"]
[Round "8.35"]
[White "Forgacs, Andras"]
[Black "Acs, Kristof"]
[Result "1-0"]
[WhiteElo "1617"]
[BlackElo "1690"]
[PlyCount "151"]
[EventDate "2016.11.02"]
[EventType "team-swiss"]
[EventRounds "8"]
[EventCountry "HUN"]
[SourceTitle "CBM 175 Extra"]
[Source "ChessBase"]
[SourceDate "2016.12.12"]
[SourceVersion "1"]
[SourceVersionDate "2016.12.12"]
[SourceQuality "1"]

1. d4 d5 2. c4 e6 3. Nf3 Nf6 4. Nc3 c6 5. Bg5 Be7 6. Bxf6 Bxf6 7. cxd5 exd5 8. e3 0-0 9. Bd3 Bg4 10. h3 Bh5 11. Qc2 Bg6 12. Bxg6 hxg6 13. Qb3 Qc7 14. Rc1 Qe7 15. 0-0 Na6 16. Rfd1 Rfe8 17. a3 Qd7 18. Qa2 g5 19. g4 Nc7 20. b4 b5 21. Nd2 g6 22. Nb3 Na6 23. Ne2 Bd8 24. Nc5 Nxc5 25. Rxc5 Bb6 26. Rc3 a5 27. Qc2 Rec8 28. Rc1 axb4 29. axb4 Rc7 30. Rxc6 Rac8 31. Rxc7 Rxc7 32. Nc3 f5 33. gxf5 gxf5 34. Qb3 f4 35. Ra1 Rc4 36. Qb1 Kg7 37. Ra6 Qb7 38. Qa1 fxe3 39. fxe3 Rxc3 40. Rxb6 Qc7 41. Rb7 Qxb7 42. Qxc3 Qd7 43. Kh2 Qd6+ 44. Kg2 Qd7 45. Qe1 Qc8 46. Qd2 g4 47. hxg4 Qxg4+ 48. Kf1 Qf3+ 49. Kg1 Qh5 50. Qg2+ Kf8 51. Kf2 Ke7 52. Qf3 Qh2+ 53. Qg2 Qd6 54. Qg5+ Kd7 55. Qf5+ Kd8 56. Qg5+ Kc8 57. Qf5+ Kd8 58. Qg5+ Kc8 59. Qg8+ Kb7 60. Qh7+ Kb8 61. Qh8+ Kb7 62. Qh7+ Kb8 63. Qg8+ Kb7 64. Qf7+ Kb6 65. Ke2 Qc6 66. Qe7 Qc2+ 67. Kf3 Qf5+ 68. Kg3 Qg6+ 69. Kf4 Qh6+ 70. Kf5 Qh3+ 71. Kf6 Qf3+ 72. Kg7 Qg4+ 73. Kf7 Qh5+ 74. Ke6 Ka6 75. Kd6 Qf5 76. Qe6 1-0

[Event "HUN-chT U18"]
[Site "Hajduboszormeny"]
[Date "2016.11.05"]
[Round "7.35"]
[White "Simonyi, Dora"]
[Black "Forgacs, Andras"]
[Result "0-1"]
[WhiteElo "1412"]
[BlackElo "1617"]
[PlyCount "90"]
[EventDate "2016.11.02"]
[EventType "team-swiss"]
[EventRounds "8"]
[EventCountry "HUN"]
[SourceTitle "CBM 175 Extra"]
[Source "ChessBase"]
[SourceDate "2016.12.12"]
[SourceVersion "1"]
[SourceVersionDate "2016.12.12"]
[SourceQuality "1"]

1. d4 Nf6 2. Nf3 g6 3. c4 Bg7 4. Nc3 0-0 5. Bf4 d6 6. Qd2 Nbd7 7. g3 c6 8. Bg2 Re8 9. Bh6 d5 10. Bxg7 Kxg7 11. cxd5 Nxd5 12. 0-0 N7f6 13. e3 Nxc3 14. Qxc3 Nd5 15. Qb3 Qb6 16. Nd2 Be6 17. Qxb6 axb6 18. Nc4 Nb4 19. Nxb6 Ra6 20. a3 Rxb6 21. axb4 Rxb4 22. Rfb1 Bf5 23. e4 Be6 24. Ra7 Rb8 25. d5 cxd5 26. exd5 Bf5 27. Re1 Rxb2 28. h3 Rb1 29. Rxb1 Bxb1 30. f4 Kf6 31. g4 g5 32. f5 b5 33. Ra6+ Ke5 34. Ra1 Bd3 35. Re1+ Kd6 36. Be4 Bxe4 37. Rxe4 b4 38. Re1 b3 39. Rb1 b2 40. Kf2 Rb3 41. Ke2 Rxh3 42. Kd2 Rb3 43. Kc2 Rb4 44. Rxb2 Rxb2+ 45. Kxb2 Kxd5 0-1

[Event "HUN-chT U18"]
[Site "Hajduboszormeny"]
[Date "2016.11.04"]
[Round "5.41"]
[White "Palczert, Botond"]
[Black "Forgacs, Andras"]
[Result "1-0"]
[WhiteElo "1693"]
[BlackElo "1617"]
[PlyCount "87"]
[EventDate "2016.11.02"]
[EventType "team-swiss"]
[EventRounds "8"]
[EventCountry "HUN"]
[SourceTitle "CBM 175 Extra"]
[Source "ChessBase"]
[SourceDate "2016.12.12"]
[SourceVersion "1"]
[SourceVersionDate "2016.12.12"]
[SourceQuality "1"]

1. e4 c6 2. d4 d5 3. exd5 cxd5 4. c4 Nf6 5. Nc3 Nc6 6. Nf3 Bg4 7. cxd5 Nxd5 8. Qb3 Bxf3 9. gxf3 e6 10. Qxb7 Nxd4 11. Bb5+ Nxb5 12. Qc6+ Ke7 13. Qxb5 Qd7 14. Qa5 Ke8 15. a3 Nxc3 16. Qxc3 Rc8 17. Qb3 Qd5 18. Qa4+ Qd7 19. Qg4 Qb5 20. Qe4 g6 21. Be3 Bg7 22. Bd4 Rc4 23. Qa8+ Kd7 24. Qxa7+ Rc7 25. Qb6 Qxb6 26. Bxb6 Rb7 27. 0-0-0+ Ke7 28. Bc5+ Ke8 29. Bd4 Bxd4 30. Rxd4 Rb3 31. Rhd1 Ke7 32. R4d3 Rb7 33. R1d2 h5 34. b4 Ra8 35. Kb2 g5 36. Kb3 f5 37. a4 g4 38. f4 h4 39. b5 Raa7 40. Kb4 Rd7 41. a5 Rdb7 42. b6 Ra8 43. Kb5 Rbb8 44. a6 1-0

[Event "HUN-chT U18"]
[Site "Hajduboszormeny"]
[Date "2016.11.02"]
[Round "1.17"]
[White "Benedeczky, Lehel"]
[Black "Forgacs, Andras"]
[Result "1-0"]
[WhiteElo "2135"]
[BlackElo "1617"]
[PlyCount "75"]
[EventDate "2016.11.02"]
[EventType "team-swiss"]
[EventRounds "8"]
[EventCountry "HUN"]
[SourceTitle "CBM 175 Extra"]
[Source "ChessBase"]
[SourceDate "2016.12.12"]
[SourceVersion "1"]
[SourceVersionDate "2016.12.12"]
[SourceQuality "1"]

1. d4 Nf6 2. Nf3 d5 3. c4 c6 4. e3 Bf5 5. Qb3 Qb6 6. Nc3 e6 7. Nh4 Bg6 8. Bd2 Nbd7 9. Nxg6 hxg6 10. Bd3 dxc4 11. Bxc4 Bd6 12. g3 a6 13. Qc2 Qc7 14. a3 Qb6 15. b4 Be7 16. Qb3 Qc7 17. Rc1 Qd6 18. Rd1 Nb6 19. Bd3 Rd8 20. Ne4 Qd5 21. Qxd5 Nfxd5 22. Nc5 Rb8 23. e4 Nc7 24. Bf4 Nba8 25. 0-0 g5 26. Bc1 Nb6 27. f4 gxf4 28. Bxf4 Nba8 29. Rd2 Bxc5 30. bxc5 Rd8 31. Bd6 Nb5 32. Bxb5 axb5 33. d5 Rd7 34. dxe6 fxe6 35. Rdf2 Rd8 36. Rf7 Rc8 37. Re7+ Kd8 38. Rff7 1-0

[Event "HUN-ch U14"]
[Site "Balatonlelle"]
[Date "2016.06.24"]
[Round "1"]
[White "Kovacsy, Barnabas"]
[Black "Forgacs, Andras"]
[Result "1-0"]
[WhiteElo "1981"]
[BlackElo "1598"]
[PlyCount "119"]
[EventDate "2016.06.24"]
[EventType "swiss"]
[EventRounds "7"]
[EventCountry "HUN"]
[SourceTitle "CBM 173 Extra"]
[Source "ChessBase"]
[SourceDate "2016.08.29"]
[SourceVersion "1"]
[SourceVersionDate "2016.08.29"]
[SourceQuality "1"]

1. e4 c6 2. d4 d5 3. Nc3 dxe4 4. Nxe4 Bf5 5. Nc5 b6 6. Nb3 Nf6 7. Nf3 e6 8. g3 a5 9. a4 Na6 10. c3 Qd5 11. Bg2 Be4 12. 0-0 Bxf3 13. Bxf3 Qd7 14. Qe2 Be7 15. Nd2 0-0 16. Nc4 Qb7 17. Bg5 Nd5 18. Bxe7 Nxe7 19. Ra3 Nb8 20. Rb1 Nd5 21. Ne3 Nd7 22. c4 Nb4 23. Nc2 Qc7 24. b3 Rab8 25. Nxb4 axb4 26. Ra2 c5 27. d5 exd5 28. Bxd5 Nf6 29. Rd2 Nxd5 30. Rxd5 Rbd8 31. Rbd1 Rxd5 32. Rxd5 Rd8 33. Qe5 Qc8 34. Qe7 Re8 35. Qd6 Qh3 36. Re5 Qc8 37. Qc7 f6 38. Qxc8 Rxc8 39. Re6 Rb8 40. Kg2 Kf7 41. Rc6 Rb7 42. Kf3 Ke7 43. Rc8 h6 44. Ke4 Ke6 45. g4 Kd7 46. Rg8 Ke6 47. f4 Rd7 48. Rb8 Rd4+ 49. Ke3 Rd6 50. Rb7 g6 51. h4 h5 52. f5+ gxf5 53. gxh5 Ke5 54. Re7+ Re6 55. Rxe6+ Kxe6 56. Kf4 Ke7 57. Kxf5 Kf7 58. h6 Kg8 59. Kxf6 Kh7 60. Ke6 1-0

[Event "Budapest Spring op"]
[Site "Budapest"]
[Date "2016.03.27"]
[Round "9"]
[White "Forgacs, Andras"]
[Black "Czimer, Jozsef"]
[Result "1/2-1/2"]
[WhiteElo "1693"]
[BlackElo "1701"]
[PlyCount "102"]
[EventDate "2016.03.18"]
[EventType "swiss"]
[EventRounds "9"]
[EventCountry "HUN"]
[SourceTitle "CBM 171 Extra"]
[Source "ChessBase"]
[SourceDate "2016.04.26"]
[SourceVersion "1"]
[SourceVersionDate "2016.04.26"]
[SourceQuality "1"]

1. d4 Nf6 2. c4 g6 3. Nc3 Bg7 4. e4 d6 5. Nf3 0-0 6. Be2 e5 7. Be3 Nc6 8. d5 Ne7 9. 0-0 Ng4 10. h3 Nxe3 11. fxe3 f5 12. b4 Bh6 13. Qd2 Bd7 14. c5 Be8 15. Rfd1 Nc8 16. Bc4 Qf6 17. c6 b6 18. Ba6 f4 19. Nb5 Rf7 20. Bxc8 Rxc8 21. Nxa7 fxe3 22. Qd3 Rb8 23. a4 Qf4 24. Nh2 Qf2+ 25. Kh1 e2 26. Re1 Bf4 27. Rxe2 Qd4 28. Qxd4 exd4 29. Nb5 d3 30. Rf2 g5 31. Rd1 Re7 32. Rxd3 Rxe4 33. Nxc7 Rxb4 34. Ne6 Rxa4 35. g3 Bg6 36. Rdf3 Be4 37. gxf4 Bxd5 38. c7 Rc8 39. fxg5 Bxe6 40. Rc3 Ra7 41. Rfc2 Ra5 42. Rd3 Rc5 43. Rxc5 bxc5 44. Rxd6 Bxh3 45. Rc6 c4 46. Nf3 Kg7 47. Nd4 Bd7 48. Rxc4 h6 49. gxh6+ Kxh6 50. Ne6 Bxe6 51. Rc6 Kg7 1/2-1/2

[Event "Budapest Spring op"]
[Site "Budapest"]
[Date "2016.03.24"]
[Round "6"]
[White "Kellner, Nikolaus"]
[Black "Forgacs, Andras"]
[Result "0-1"]
[WhiteElo "1661"]
[BlackElo "1693"]
[PlyCount "84"]
[EventDate "2016.03.18"]
[EventType "swiss"]
[EventRounds "9"]
[EventCountry "HUN"]
[SourceTitle "CBM 171 Extra"]
[Source "ChessBase"]
[SourceDate "2016.04.26"]
[SourceVersion "1"]
[SourceVersionDate "2016.04.26"]
[SourceQuality "1"]

1. g4 d5 2. Bg2 c6 3. c4 dxc4 4. h3 e5 5. Qc2 Be6 6. Nf3 Qc7 7. b3 cxb3 8. axb3 Nd7 9. Ba3 Bxa3 10. Rxa3 Ne7 11. Ng5 Bd5 12. e4 h6 13. exd5 hxg5 14. dxc6 Nxc6 15. Bxc6 Qxc6 16. Qxc6 bxc6 17. Ra6 Nb8 18. Ra5 f6 19. Na3 Nd7 20. Ra6 Nb6 21. Nc4 Nxc4 22. bxc4 Kd7 23. c5 Kc7 24. Ke2 Kb7 25. Ra3 Rhb8 26. h4 gxh4 27. Rxh4 Rh8 28. Rhh3 Rxh3 29. Rxh3 a5 30. Rb3+ Kc7 31. Ra3 a4 32. Kd3 Kd7 33. Kc4 Ke6 34. Kb4 Kd5 35. Rd3+ Ke4 36. Ra3 Kd4 37. f3 g5 38. Rxa4 Rxa4+ 39. Kxa4 Kxc5 40. Ka5 Kd4 41. Kb6 Kd3 42. Kxc6 Kxd2 0-1

[Event "Budapest Art Pub op 9th"]
[Site "Budapest"]
[Date "2015.11.21"]
[Round "2"]
[White "Chowaniec, Artur"]
[Black "Forgacs, Andras"]
[Result "1/2-1/2"]
[WhiteElo "1546"]
[BlackElo "1744"]
[PlyCount "113"]
[EventDate "2015.11.20"]
[EventType "swiss"]
[EventRounds "6"]
[EventCountry "HUN"]
[SourceTitle "CBM 169 Extra"]
[Source "ChessBase"]
[SourceDate "2015.12.18"]
[SourceVersion "1"]
[SourceVersionDate "2015.12.18"]
[SourceQuality "1"]

1. e4 c6 2. d4 d5 3. Nc3 dxe4 4. Nxe4 Nd7 5. Nf3 Ngf6 6. Bd3 Nxe4 7. Bxe4 Nf6 8. Bd3 Bg4 9. Be3 e6 10. h3 Bh5 11. g4 Bg6 12. Qd2 Bxd3 13. Qxd3 Bb4+ 14. Bd2 Qa5 15. a3 Bxd2+ 16. Qxd2 Qxd2+ 17. Nxd2 0-0-0 18. c3 g5 19. Nc4 h5 20. Ne5 Rdf8 21. 0-0-0 Nd7 22. f3 Rh6 23. Rde1 f6 24. Nc4 e5 25. dxe5 Nxe5 26. Nxe5 fxe5 27. Rxe5 Rxf3 28. Rxg5 hxg4 29. Rxg4 Rfxh3 30. Rxh3 Rxh3 31. Rg7 Rh2 32. Kb1 a5 33. Ka2 a4 34. Rg4 b5 35. Rg7 Rd2 36. Rh7 Rd7 37. Rh4 Kb7 38. c4 Rd6 39. cxb5 cxb5 40. Rh5 Kb6 41. Rg5 Kc6 42. Rh5 Rd5 43. Rh8 Kc5 44. Rc8+ Kd4 45. Rc1 Ke3 46. Rc3+ Kd2 47. Rc8 Rd3 48. Rc5 Rb3 49. Rh5 Kc1 50. Rh1+ Kc2 51. Rh2+ Kd3 52. Rh3+ Kc4 53. Rh4+ Kc5 54. Rh5+ Kb6 55. Rh6+ Ka5 56. Rh5 Rg3 57. Rf5 1/2-1/2

[Event "Budapest Art Pub op 9th"]
[Site "Budapest"]
[Date "2015.11.20"]
[Round "1"]
[White "Forgacs, Andras"]
[Black "Mihok, Laszlo"]
[Result "0-1"]
[WhiteElo "1744"]
[BlackElo "2085"]
[PlyCount "92"]
[EventDate "2015.11.20"]
[EventType "swiss"]
[EventRounds "6"]
[EventCountry "HUN"]
[SourceTitle "CBM 169 Extra"]
[Source "ChessBase"]
[SourceDate "2015.12.18"]
[SourceVersion "1"]
[SourceVersionDate "2015.12.18"]
[SourceQuality "1"]

1. d4 e6 2. c4 Bb4+ 3. Bd2 a5 4. a3 Bxd2+ 5. Nxd2 Nf6 6. e3 Nc6 7. Ngf3 0-0 8. Rc1 d6 9. Bd3 Qe7 10. 0-0 e5 11. dxe5 dxe5 12. Bb1 Bg4 13. Qb3 b6 14. h3 a4 15. Qc3 Bh5 16. Ng5 Bg6 17. Bxg6 hxg6 18. Ngf3 Rfd8 19. c5 b5 20. e4 Nd4 21. Qe3 c6 22. Nxd4 Rxd4 23. Nf3 Rxe4 24. Qd2 Rd8 25. Qa5 Re2 26. Qb6 Rc8 27. Rfe1 Rxb2 28. Nxe5 Qc7 29. Nc4 Rb3 30. Qxc7 Rxc7 31. Na5 Rxa3 32. Red1 Nd5 33. Kh2 Rc3 34. Rxc3 Nxc3 35. Rd8+ Kh7 36. Rd6 Ne4 37. Rxc6 Rxc6 38. Nxc6 Nxc5 39. Nb4 a3 40. Kg3 Nd3 41. Nc2 b4 42. Na1 Nc1 43. Kf3 b3 44. Nxb3 Nxb3 45. Ke3 a2 46. Kd3 a1Q 0-1

[Event "Elekes Memorial op"]
[Site "Budapest"]
[Date "2015.07.25"]
[Round "8"]
[White "Piroska, Istvan"]
[Black "Forgacs, Andras"]
[Result "1-0"]
[WhiteElo "2094"]
[BlackElo "1709"]
[PlyCount "59"]
[EventDate "2015.07.18"]
[EventType "swiss"]
[EventRounds "9"]
[EventCountry "HUN"]
[SourceTitle "EXT 2016"]
[Source "ChessBase"]
[SourceDate "2015.10.08"]
[SourceVersion "1"]
[SourceVersionDate "2015.10.08"]
[SourceQuality "1"]

1. e4 c6 2. d4 d5 3. Nc3 dxe4 4. Nxe4 Bf5 5. Ng3 Bg6 6. Nf3 e6 7. Bd3 Bxd3 8. Qxd3 Bd6 9. Ne4 Bc7 10. 0-0 Nd7 11. Re1 Ngf6 12. Bg5 h6 13. Bh4 0-0 14. Rad1 Qe7 15. Ne5 Qb4 16. Nxf6+ Nxf6 17. Bxf6 gxf6 18. Ng4 Kg7 19. Qh3 Rh8 20. Qh4 Bd8 21. Qg3 Qxb2 22. Nxf6+ Kf8 23. Qe5 Bxf6 24. Qxf6 Rg8 25. Rxe6 Qxc2 26. Rde1 Qxa2 27. R6e3 Qd5 28. Qxh6+ Rg7 29. Rg3 Qxd4 30. Qh8+ 1-0

[Event "Elekes Memorial op"]
[Site "Budapest"]
[Date "2015.07.19"]
[Round "2"]
[White "Forgacs, Andras"]
[Black "Fodor, Balazs"]
[Result "1-0"]
[WhiteElo "1709"]
[BlackElo "1950"]
[PlyCount "81"]
[EventDate "2015.07.18"]
[EventType "swiss"]
[EventRounds "9"]
[EventCountry "HUN"]
[SourceTitle "EXT 2016"]
[Source "ChessBase"]
[SourceDate "2015.10.08"]
[SourceVersion "1"]
[SourceVersionDate "2015.10.08"]
[SourceQuality "1"]

1. d4 d5 2. c4 c6 3. cxd5 cxd5 4. Nc3 Nf6 5. g3 Nc6 6. Bg2 e6 7. Nf3 Bd6 8. 0-0 0-0 9. Bg5 Be7 10. Qd2 b6 11. Rac1 Bb7 12. a3 Na5 13. Qc2 Rc8 14. Nd2 h6 15. Bf4 Nc6 16. Nf3 Nd7 17. Qa4 a6 18. b4 b5 19. Qb3 Nb6 20. Rfd1 Nc4 21. Ne1 Qb6 22. Nc2 Bf6 23. Be3 Ne7 24. g4 Nxe3 25. fxe3 Bg5 26. Rd3 f5 27. h3 fxg4 28. hxg4 Qd6 29. Qb1 Qg3 30. Rf1 Qxg4 31. Rf3 Nf5 32. Kh1 Ng3+ 33. Kh2 Qh5+ 34. Kg1 Nxe2+ 35. Nxe2 Rxf3 36. Bxf3 Qxf3 37. Qd1 Rf8 38. Ne1 Qf1+ 39. Kh2 Rf2+ 40. Kg3 Qg1+ 41. Nxg1 1-0